| 000 | 00870nam a2200229 a 4500 | ||
|---|---|---|---|
| 008 | 120416s2005 ||||||||||||||||| || u | ||
| 020 | _a0787974021 | ||
| 050 | _aHD 53 Van | ||
| 100 | _aVangundy, B. Arthur | ||
| 245 | 1 | 0 | _a101 activities for teaching creativity and problem solving |
| 260 |
_aSan Francisco _bPfeiffer, A Wiley Imprint _c2005 |
||
| 300 | _axi, 391p. : ill. | ||
| 350 | _a0.00 | ||
| 500 | _aBibliography. | ||
| 650 | _aProblem solving - Study and teaching | ||
| 650 | _aCREATIVE ABILITY--STUDY AND TEACHING | ||
| 650 | 0 | _aBUSINESS | |
| 650 | _aCREATIVE THINKING-- STUDY AND TEACHING | ||
| 650 | _aORGANIZATIONAL EFFECTIVENESS | ||
| 650 | 0 | _aCREATIVE ABILITY IN BUSINESS | |
| 995 |
_D0.00 _FCBU-MAIN LIBRARY (Kitwe) _H1 _I40.00 _M1 _UAVAILABLE _WJul 17, 2006 _ZMain Library Open Access Collection |
||
| 999 |
_c33048 _d33048 |
||